000 00299nam a22001337a 4500
008 171002b xxu||||| |||| 00| 0 eng d
020 _a9780312451653
041 _aeng
080 _a37
100 _a47
101 _aEDU
245 _aFROM INQUIRY TO ACADEMIC WRITING
_cGREENE,S
942 _2udc
_cBK
999 _c31142
_d31142